| Tag |
First Indicator |
Second Indicator |
Subfields |
| LEADER |
00000cam a22000001a 4500 |
| 001 |
in00003175697 |
| 006 |
m d f |
| 007 |
cr bn mmmapmmp |
| 008 |
090617s1944 dcu o f000 0 eng d |
| 005 |
20260604205932.4 |
| 035 |
|
|
|a cis2007414942
|
| 040 |
|
|
|a UMI
|c UMI
|d UtOrBLW
|
| 043 |
|
|
|a n-us---
|
| 086 |
0 |
|
|a Y 4.J 89/1:C 768/8
|
| 099 |
|
|
|a HRG-1944-HJH-0002
|
| 110 |
1 |
|
|a United States.
|b Congress.
|b House.
|b Committee on the Judiciary.
|b Subcommittee No. 3.
|
| 245 |
1 |
0 |
|a Contract Termination :
|b hearings before the United States House Committee on the Judiciary, Subcommittee No. 3 (Judiciary), Seventy-Eighth Congress, second session, on May 17, 1944.
|
| 264 |
|
1 |
|a Washington :
|b U.S. G.P.O.,
|c 1944.
|
| 300 |
|
|
|a 1 online resource.
|
| 336 |
|
|
|a text
|b txt
|2 rdacontent
|
| 337 |
|
|
|a computer
|b c
|2 rdamedia
|
| 338 |
|
|
|a online resource
|b cr
|2 rdacarrier
|
| 500 |
|
|
|a Record is based on bibliographic data in ProQuest Congressional Hearings Digital Collection. Reuse except for individual research requires license from ProQuest, LLC.
|
| 520 |
|
|
|a Committee Serial No. 16.
|
| 520 |
|
|
|a Considers (78) H.R. 4789, (78) S. 1718.
|
| 538 |
|
|
|a System requirements: PDF reader software.
|
| 500 |
|
|
|a Electronic resource.
|
| 650 |
|
0 |
|a Defense contracts
|z United States.
|
| 650 |
|
0 |
|a Defense industries
|z United States.
|
| 650 |
|
0 |
|a Economic conversion
|z United States.
|
| 655 |
|
7 |
|a Electronic books.
|2 local
|
| 710 |
2 |
|
|a ProQuest (Firm)
|
| 776 |
0 |
8 |
|i Print version:
|a United States. Congress. House. Committee on the Judiciary. Subcommittee No. 3.
|t Contract Termination
|
| 776 |
0 |
8 |
|i Microfiche version:
|a United States. Congress. House. Committee on the Judiciary. Subcommittee No. 3.
|t Contract Termination.
|d [Bethesda, Md.] : ProQuest,[2004]
|o CIS Hrgs MF Gp 3--(78) H1015-12
|w (ProQuest)cis10403958
|
| 830 |
|
0 |
|a U.S. Congressional Hearings.
|
| 856 |
4 |
0 |
|u http://proxy.library.tamu.edu/login?url=https://congressional.proquest.com/congcomp/getdoc?HEARING-ID=HRG-1944-HJH-0002
|z Connect to the full text of this electronic book
|t 0
|
| 998 |
|
|
|a cis10403958
|
| 999 |
|
|
|a MARS
|
| 999 |
f |
f |
|s c419c7b6-4cb9-3bf2-8240-c5857c4811f8
|i f7628131-bbd3-3a04-99cf-dfb832c71b6a
|t 0
|
| 952 |
f |
f |
|a Texas A&M University
|b College Station
|c Electronic Resources
|s www_evans
|d Available Online
|t 0
|e HRG-1944-HJH-0002
|h Other scheme
|
| 998 |
f |
f |
|a HRG-1944-HJH-0002
|t 0
|l Available Online
|